Greek Goddesses Minefield Quiz Stats

 Plays Quiz Updated Mar 18, 2020

Support Sporcle.
Go Orange.
Score 0/12 Timer 03:00
1 Play Today
% Correct
???
92.4%
???
85%
???
78.5%
???
76.8%
???
76.2%
???
72.4%
???
72%
???
68%
???
62.7%
???
61.9%
???
53.2%
???
48%

From the Vault

Sports Fathers and Sons

by Ben

Sports 10m
It is one thing to have your dad teach you how to throw a football, it is quite another to have your dad teach you how to step up in the pocket to avoid a linebacker coming at you from a Nickel Defense.
Remove Ads.
Support Sporcle.
Get the best of Sporcle when you Go Orange. This ad-free experience offers more features, more stats, and more fun while also helping to support Sporcle. Thank you for becoming a member.

Show Comments

Extras

Top Quizzes Today


Score Distribution

Your Account Isn't Verified!

In order to create a playlist on Sporcle, you need to verify the email address you used during registration. Go to your Sporcle Settings to finish the process.

Report this User

Report this user for behavior that violates our Community Guidelines.

Details: